Análisis del costo de oportunidad de la deforestación evitada en el noreste amazónico de Bolivia / (Registro nro. 9047)
[ vista simple ]
| 000 -CABECERA | |
|---|---|
| Campo de control | 01137nam a22002897a 4500 |
| 005 - FECHA Y HORA DE LA ULTIMA TRANSACCION | |
| Campo de control | 20150204115829.0 |
| 008 - ELEMENTOS DE LONGITUD FIJA—INFORMACION GENERAL | |
| Campo de control | 031130e201201uubo ab b 000 0 spa d |
| 020 ## - ISBN | |
| ISBN | 9789995484828 |
| 040 ## - FUENTE DE CATALOGACIÓN | |
| Agencia catalogadora original | IQU |
| Agencia transcriptora | IQU |
| Agencia Modificadora | IQU |
| -- | DLC |
| -- | Co-BoIAVH |
| 041 0# - IDIOMA | |
| Código de idioma para texto/pista de sonido o título separado | Español |
| Código de idioma del sumario o resumen/título o subtítulo sobreimpreso | Inglés |
| 044 ## - PAÍS DE PUBLICACIÓN | |
| País de publicación | Bolivia |
| 082 04 - NUMERO DE CLASIFICACION DECIMAL DEWEY | |
| Número de clasificación | 333.7516 |
| Número del ítem | M25a |
| 100 1# - ASIENTO PRINCIPAL--NOMBRE PERSONAL | |
| Nombre personal | Malky-Harb, Alfonso. |
| 245 10 - MENCION DE TITULO | |
| Título | Análisis del costo de oportunidad de la deforestación evitada en el noreste amazónico de Bolivia / |
| Mención de responsabilidad | Alfonso Malky, Daniel Leguía, Juan Carlos Ledezma |
| 260 ## - PUBLICACION, DISTRIBUCION, ETC. (PIE DE IMPRENTA) | |
| Lugar de publicación, distribución, etc. | La Paz: |
| Nombre del editor, distribuidor, etc. | Conservation Strategy Fund - CSF, |
| Fecha de publicación, distribución, etc. | 2012. |
| 300 ## - DESCRIPCION FISICA | |
| Extensión | 61 p.: |
| Otros detalles físicos | il. (col), mapas ; |
| Dimensiones | 25 cm. |
| 490 1# - MENCION DE SERIE | |
| Mención de serie | Serie técnica ; |
| Designación numérica/secuencial del volumen | No. 22 |
| 504 ## - NOTA DE BIBLIOGRAFIA, ETC. | |
| Nota de bibliografía | Incluye referencias bibliográficas (p. 54-57). |
| 546 ## - NOTA DE IDIOMA | |
| Nota de idioma | Incluye resumen en inglés |
| 650 #0 - ASIENTO SECUNDARIO DE MATERIA - TERMINO TEMATICO | |
| Término temático o nombre geográfico como elemento de entrada | Conservación de los bosques |
| Subdivisión general | Aspectos económicos |
| Subdivisión geográfica | Bolivia. |
| 650 #0 - ASIENTO SECUNDARIO DE MATERIA - TERMINO TEMATICO | |
| Término temático o nombre geográfico como elemento de entrada | Deforestación |
| Subdivisión general | Aspectos económicos |
| Subdivisión geográfica | Bolivia. |
| 650 #0 - ASIENTO SECUNDARIO DE MATERIA - TERMINO TEMATICO | |
| Término temático o nombre geográfico como elemento de entrada | Política forestal |
| Subdivisión geográfica | Bolivia. |
| 700 1# - ASIENTO SECUNDARIO - NOMBRE PERSONAL | |
| Nombre personal | Leguía, Daniel |
| 700 1# - ASIENTO SECUNDARIO - NOMBRE PERSONAL | |
| Nombre personal | Ledezma, Juan Carlos |
| 710 2# - ASIENTO SECUNDARIO - NOMBRE CORPORATIVO | |
| Nombre corporativo o de jurisdicción como elemento de entrada | Conservation Strategy Fund. |
| 942 ## - ELEMENTOS ADICIONALES (KOHA) | |
| Sistema de clasificación | Dewey Decimal Classification |
| Tipo de ítem | Libro |
| Withdrawn status | Lost status | Sistema de Clasificación | Damaged status | No para préstamo | Colección | Inventariado | Ubicación Permanente | Ubicación actual | Fecha de adquisición | Fuente de Valor | Valor | Total Checkouts | Número topográfico | Inventario / Código de Barras | Date last seen | Ejemplar | Price effective from | Forma de adquisición | Tipo de material |
|---|---|---|---|---|---|---|---|---|---|---|---|---|---|---|---|---|---|---|---|
| Dewey Decimal Classification | General | Inventariado 2017 | Bogotá | Bogotá | 04/02/2015 | Instituto | 39000.00 | LB-333.7516 M25a | 038645 | 04/02/2015 | Ej. 1 | 04/02/2015 | Libro |